Diktaattoreita kuvien mukaan - Statistics

Yleistilastot
  • Tätä visaa on pelattu 1 038 kertaa
  • Keskiarvotulos 9 / 20
Vastaustilastot
Kuvavisa Vastaus % Oikein
Adolf Hitler
99%
Josif Stalin
94%
Kim Jong-il
86%
Napoleon Bonaparte
86%
Mao Zedong
76%
Benito Mussolini
74%
Fidel Castro
63%
Saddam Hussein
63%
Xi Jinping
51%
Muammar Gaddafi
47%
Francisco Franco
38%
Leonid Brežnev
37%
Bašar al-Assad
22%
Mobutu Sese Seko
21%
Robert Mugabe
21%
Augusto Pinochet
14%
Suharto
13%
Manuel Noriega
10%
Nicolás Maduro
8%
Tšiang Kai-šek
8%
Ehtoja vastaavia visoja ei löytynyt
Tulosjakauma
Jokaisen tuloksen saaneiden osuus
Persentiili vastausten määrän mukaan
Tuloshistoriasi
Et ole pelannut tätä visaa